000 00582nam a2200193Ia 4500
003 GCL
005 20240530110920.0
008 140319s2003 ua cf 000 0 eng d
040 _aGCL /
_cGCL
082 0 4 _a279.4/
_bS R
100 1 _4Friedlander, Shems
110 1 _aMinstry of Information and Broadcasting Government of India
245 1 0 _aRumi and the Whirling Dervishes /
_cShems Friedlander
260 _acairo :
_bThe American University in Cairo Press ،
_c2003.
300 _a167P. :
_bill ;
_c30 cm.
650 0 _aARCHAEOLOGY
650 0 _aDervishes
942 _2ddc
_cBK
999 _c66460
_d66460